<?xml version="1.0" encoding="UTF-8"?>
<record
    xmlns:xsi="http://www.w3.org/2001/XMLSchema-instance"
    xsi:schemaLocation="http://www.loc.gov/MARC21/slim http://www.loc.gov/standards/marcxml/schema/MARC21slim.xsd"
    xmlns="http://www.loc.gov/MARC21/slim">

  <leader>01219nam a2200325 i 4500</leader>
  <controlfield tag="001">73000</controlfield>
  <controlfield tag="003">ES-MaACL</controlfield>
  <controlfield tag="005">20250804062643.0</controlfield>
  <controlfield tag="007">t|</controlfield>
  <controlfield tag="008">040906s1969    sp           |||| | spa d</controlfield>
  <datafield tag="080" ind1=" " ind2=" ">
    <subfield code="a"> 821.111-31"19"</subfield>
  </datafield>
  <datafield tag="100" ind1="1" ind2=" ">
    <subfield code="a">Golding, William.</subfield>
    <subfield code="9">57665</subfield>
    <subfield code="e">aut</subfield>
  </datafield>
  <datafield tag="245" ind1="1" ind2="0">
    <subfield code="a">Novelas / </subfield>
    <subfield code="c">William Golding ; traducci&#xF3;n del ingl&#xE9;s por Mar&#xED;a Luisa Giner de los R&#xED;os, Enrique L&#xF3;pez Mart&#xED;n y Juan Mart&#xED;n Ruiz-Werner ; pr&#xF3;logo de Juan Mart&#xED;n Ruiz-Werner.</subfield>
  </datafield>
  <datafield tag="260" ind1=" " ind2=" ">
    <subfield code="a">Madrid : </subfield>
    <subfield code="b">Aguilar, </subfield>
    <subfield code="c">[1969]</subfield>
  </datafield>
  <datafield tag="300" ind1=" " ind2=" ">
    <subfield code="a">1002 p., 1 l&#xE1;m. ; </subfield>
    <subfield code="c">19 cm.</subfield>
  </datafield>
  <datafield tag="505" ind1="8" ind2=" ">
    <subfield code="a">Contiene: </subfield>
    <subfield code="t">El se&#xF1;or de las moscas ; </subfield>
    <subfield code="t">Los herederos ; </subfield>
    <subfield code="t">Mart&#xED;n el atormentado ; </subfield>
    <subfield code="t">Ca&#xED;da libre</subfield>
  </datafield>
  <datafield tag="630" ind1=" " ind2="0">
    <subfield code="9">240441</subfield>
    <subfield code="a">Lord of the flies.</subfield>
    <subfield code="l">Espa&#xF1;ol</subfield>
  </datafield>
  <datafield tag="655" ind1=" " ind2="0">
    <subfield code="a">Novelas</subfield>
    <subfield code="9">234319</subfield>
  </datafield>
  <datafield tag="700" ind1="1" ind2=" ">
    <subfield code="a">Giner de los R&#xED;os, Mar&#xED;a Luisa.</subfield>
    <subfield code="9">57126</subfield>
    <subfield code="e">trl</subfield>
  </datafield>
  <datafield tag="700" ind1="1" ind2=" ">
    <subfield code="a">L&#xF3;pez Mart&#xED;n, Enrique.</subfield>
    <subfield code="9">73752</subfield>
    <subfield code="e">trl</subfield>
  </datafield>
  <datafield tag="700" ind1="1" ind2=" ">
    <subfield code="a">Mart&#xED;n Ruiz-Werner, Juan.</subfield>
    <subfield code="9">77640</subfield>
    <subfield code="e">aui</subfield>
  </datafield>
  <datafield tag="740" ind1="3" ind2="2">
    <subfield code="a">El se&#xF1;or de las moscas.</subfield>
  </datafield>
  <datafield tag="740" ind1="4" ind2="2">
    <subfield code="a">Los herederos.</subfield>
  </datafield>
  <datafield tag="740" ind1="0" ind2="2">
    <subfield code="a">Mart&#xED;n el atormentado.</subfield>
  </datafield>
  <datafield tag="740" ind1="0" ind2="2">
    <subfield code="a">Ca&#xED;da libre.</subfield>
  </datafield>
  <datafield tag="852" ind1=" " ind2=" ">
    <subfield code="a">ES-MaACL</subfield>
    <subfield code="j">A-7686</subfield>
    <subfield code="c">SPP1</subfield>
  </datafield>
  <datafield tag="942" ind1=" " ind2=" ">
    <subfield code="2">udc</subfield>
    <subfield code="c">MONOGRAFIA</subfield>
    <subfield code="n">0</subfield>
  </datafield>
  <datafield tag="999" ind1=" " ind2=" ">
    <subfield code="c">73000</subfield>
    <subfield code="d">73000</subfield>
  </datafield>
  <datafield tag="952" ind1=" " ind2=" ">
    <subfield code="0">0</subfield>
    <subfield code="1">0</subfield>
    <subfield code="4">0</subfield>
    <subfield code="7">0</subfield>
    <subfield code="a">ATENEOM</subfield>
    <subfield code="b">ATENEOM</subfield>
    <subfield code="c">SPP1</subfield>
    <subfield code="d">2008-01-17</subfield>
    <subfield code="e">SC</subfield>
    <subfield code="l">0</subfield>
    <subfield code="o">A-7686</subfield>
    <subfield code="p">1076416</subfield>
    <subfield code="r">2023-02-23 00:00:00</subfield>
    <subfield code="w">2023-02-23</subfield>
    <subfield code="y">MONOGRAFIA</subfield>
  </datafield>
</record>
